A view of the coinage of Ireland, from the invasion of the danes to the reign of George IV.; with some account of the Ring Money; also, copious tables, lists, and description of Hiberno-Danish and Irish Coins; and an account of the principal hoards or parcels of coins discovered in Ireland. Illustrated with engravings of upwards of one hundred and fifty unpublished coins. By John Lindsay, Esq., Barrister at Law
Guardat en:
| Autor principal: | |
|---|---|
| Format: | Llibre |
| Idioma: | anglès |
| Publicat: |
Londres
Luke H. Bolster, Patrick street
1839
|
| Edició: | 1a. ed |
| Matèries: | |
| Etiquetes: |
Afegir etiqueta
Sense etiquetes, Sigues el primer a etiquetar aquest registre!
|
MARC
| LEADER | 00000nam a2200000 a 4500 | ||
|---|---|---|---|
| 001 | UCJ7246 | ||
| 003 | CL-VaPUC | ||
| 008 | 070124e18390000UK |||||||||||||||||eng|d | ||
| 082 | 0 | 4 | |a 737 |b LIN |2 21 |
| 100 | |a Lindsay, John |e autor |9 515488 | ||
| 245 | 1 | 2 | |a A view of the coinage of Ireland, from the invasion of the danes to the reign of George IV.; with some account of the Ring Money; also, copious tables, lists, and description of Hiberno-Danish and Irish Coins; and an account of the principal hoards or parcels of coins discovered in Ireland. Illustrated with engravings of upwards of one hundred and fifty unpublished coins. By John Lindsay, Esq., Barrister at Law |
| 250 | |a 1a. ed | ||
| 300 | |a iv, 157 p | ||
| 942 | |c BK | ||
| 945 | |d 20070124 00:00:00 |a rinostro | ||
| 260 | |a Londres |b Luke H. Bolster, Patrick street |c 1839 | ||
| 500 | |a 14 láminas fuera de texto | ||
| 650 | 0 | |a Numismática |9 318332 | |
| 650 | 0 | |a Arqueología |9 265619 | |
| 650 | 7 | |a MEDALLAS |2 CL-VaPUC |9 508052 | |
| 650 | 0 | |a Ilustraciones |9 369481 | |
| 651 | 0 | |a Irlanda |9 324541 | |
| 583 | |a last modification |c 20121221 10:47:49 |k Rodrigo Vera | ||
| 999 | |c 323342 |d 323340 | ||
| 952 | |0 0 |1 0 |4 0 |6 737_000000000000000_LIN_1839 |7 0 |8 X |9 402848 |a FDOBUD |b FDOBUD |d 2019-11-22 |i 1060414 |o 737 LIN 1839 |p 1060414 |r 2019-11-22 |w 2019-11-22 |y BK_X |k BUD | ||